| 000 | 00436nam a22001817a 4500 | ||
|---|---|---|---|
| 003 | MPLRDC | ||
| 005 | 20220104163145.0 | ||
| 008 | 210129b ||||| |||| 00| 0 eng d | ||
| 020 | _a981-204-131-1 | ||
| 082 | _a427.1 HOH | ||
| 100 | _aPEARLY HOH | ||
| 245 |
_aTHE CHINESE MICROWAVE COOKBOOK _c |
||
| 250 | _a重印 | ||
| 260 |
_a _bTIMES BOOKS INTERNATIONAL _c1992 |
||
| 300 | _b精 | ||
| 650 | _a食谱 | ||
| 942 |
_cBK _o427.1 HOH |
||
| 999 |
_c56322 _d56312 |
||